000 00654nam a22002177a 4500
003 UA-OsUOA
001 90849
007 ta
008 20121120b un ||||| |||| 00| 0 ukr d
100 _aКирилюк Є. М.
090 _a330(477)
_bК43
942 _cSA
040 _aUA-OsUOA
_bukr
_cUA-OsUOA
_dUA-OsUOA
245 _aРеалізація інтересів суб'єктів аграрного ринку у господарській системі сучасної України
300 _aС.62-76
955 _a0
041 _aukr
080 _a330(477)
773 0 _w90842
650 7 _a330 Економіка взагалі
_2UDC
999 _c377125
_d377125